Metodika taktické připravy jednotek : skripta /

Main Author: Rýznar, Bedřich, 1958-
Corporate Author: Vysoká vojenská škola pozemního vojska ve Vyškově. Katedra všeobecné taktiky a taktiky druhů vojsk
Other Authors: Flasar, Zdeněk, 1955-
Language: Czech
Published: Vyškov : VVŠ PV Vyškov, 1997
Physical Description: 145 stran : formuláře ; 21 cm
Book
Saved in:
LEADER 01707nam a2200421 i 4500
001 001814702
003 CZ BrMZK
005 20220623095242.0
007 ta
008 220208s1997 xr k e p 000 0 cze
020 |q (Brožováno) 
040 |a BOA001  |b cze  |e rda 
072 7 |a 355/359  |x Vojenství. Obrana země. Ozbrojené síly  |2 Konspekt  |9 15 
072 7 |a 37.016  |x Učební osnovy. Vyučovací předměty. Učebnice  |2 Konspekt  |9 22 
080 |a 355.31  |2 MRF 
080 |a 355.253  |2 MRF 
080 |a 355.42  |2 MRF 
080 |a (075.8)  |2 MRF 
100 1 |a Rýznar, Bedřich,  |d 1958-  |7 xx0043994  |4 aut 
245 1 0 |a Metodika taktické připravy jednotek :  |b skripta /  |c zpracovali: Bedřich Rýznar, Zdeněk Flasar 
264 1 |a Vyškov :  |b VVŠ PV Vyškov,  |c 1997 
300 |a 145 stran :  |b formuláře ;  |c 21 cm 
336 |a text  |b txt  |2 rdacontent 
337 |a bez média  |b n  |2 rdamedia 
338 |a svazek  |b nc  |2 rdacarrier 
500 |a Nad názvem: Vysoká vojenská škola pozemního vojska, katedra všeobecné taktiky a taktiky druhů vojsko 
500 |a 50 výtisků 
504 |a Obsahuje bibliografii 
650 0 7 |a vojenské jednotky  |7 ph871009  |2 czenas 
650 0 7 |a vojenský výcvik  |7 ph162444  |2 czenas 
650 0 7 |a vojenská taktika  |7 ph162447  |2 czenas 
655 7 |a učebnice vysokých škol  |7 fd133772  |2 czenas 
700 1 |a Flasar, Zdeněk,  |d 1955-  |7 mzk2012682901  |4 aut 
710 2 |a Vysoká vojenská škola pozemního vojska ve Vyškově.  |b Katedra všeobecné taktiky a taktiky druhů vojsk  |7 mzk20221146010  |4 isb 
910 |a BOA001  |b 2-1480.612 
990 |a BK 
991 |b 202206 
996 6 |b 2610895451  |c 2-1480.612  |l MZK  |r Sklad / do 1 hodiny  |n 0  |p dar  |w 001878796  |u 000010  |a 1  |e BOA001  |j MZK50  |s P